000 00648nam a2200229Ia 4500
003 OSt
005 20220925232540.0
006 a|||||r|||| 00| 0
007 ta
008 220923b |||||||| |||| 00| 0 eng d
037 _cGeneral Book
040 _aRTL
_cRTL
_beng
041 _2eng
_aeng
082 _aX621.2. N97 - N96r, N7/GD
110 _aRESERVE BANK OF INDIA.
_942573
245 0 _aAnnual Report, 1966-67.
260 _aMumbai
_bR.B.I
_c1997
300 _avii; 206p.
_ccm.
700 _aRESERVE BANK OF INDIA.
_942574
942 _hX621.2. N97 - N96r, N7/GD
_cGB
_2CC
999 _c591599
_d591599